00222 a2200109 4500001000700000020000600007040001100013100002800024240002800052245002300080362000900103162359 a  cMagnum aGentzbittel, Marguerite10aA causa dos alunoslpor10aA causa dos alunos0 a1899